<?xml version="1.0" encoding="UTF-8"?>
<record
    xmlns:xsi="http://www.w3.org/2001/XMLSchema-instance"
    xsi:schemaLocation="http://www.loc.gov/MARC21/slim http://www.loc.gov/standards/marcxml/schema/MARC21slim.xsd"
    xmlns="http://www.loc.gov/MARC21/slim">

  <leader>01538nam a22002417a 4500</leader>
  <datafield tag="999" ind1=" " ind2=" ">
    <subfield code="c">1076</subfield>
    <subfield code="d">1076</subfield>
  </datafield>
  <controlfield tag="003">AR-CdUCM</controlfield>
  <controlfield tag="008">190226b           ||||| |||| 00| 0 spa d</controlfield>
  <datafield tag="040" ind1=" " ind2=" ">
    <subfield code="a">MUNICIPALIDAD PROVINCIAL DEL CUSCO</subfield>
    <subfield code="c">BIBLIOTECA MUNICIPAL DEL CUSCO</subfield>
  </datafield>
  <datafield tag="082" ind1=" " ind2=" ">
    <subfield code="a">338.98 / </subfield>
    <subfield code="b">C35</subfield>
  </datafield>
  <datafield tag="100" ind1=" " ind2=" ">
    <subfield code="a">Castro, Josu&#xE9; de</subfield>
  </datafield>
  <datafield tag="245" ind1=" " ind2=" ">
    <subfield code="a">&#xBF;Adonde va la Am&#xE9;rica Latina? : </subfield>
    <subfield code="b">din&#xE1;mica del desarrollo, cambios y resistencias sociales /</subfield>
  </datafield>
  <datafield tag="260" ind1=" " ind2=" ">
    <subfield code="a">Lima : </subfield>
    <subfield code="b">Latinoamericana, </subfield>
    <subfield code="c">1966.</subfield>
  </datafield>
  <datafield tag="300" ind1=" " ind2=" ">
    <subfield code="a">187 p&#xE1;ginas ;</subfield>
    <subfield code="c">20.5 cm</subfield>
  </datafield>
  <datafield tag="505" ind1=" " ind2=" ">
    <subfield code="a">Contenido: Primera conferencia: La din&#xE1;mica del desarrollo en Am&#xE9;rica Latina. Cambios y resistencias sociales. El hambre y el sub-desarrollo en Am&#xE9;rica Latina. El hambre como experiencia biol&#xF3;gica del fen&#xF3;meno econ&#xF3;mico del subdesarrollo -- Segunda conferencia: Unidad y diversidad en Am&#xE9;rica Latina. Las ra&#xED;ces sociol&#xF3;gicas de Am&#xE9;rica Latina. La colonizaci&#xF3;n Ib&#xE9;rica y las independencias ficticias -- Tercera conferencia: El deseo de emancipaci&#xF3;n econ&#xF3;mica y la lucha contra el neocolonialismo. El problema cr&#xED;tico de las Reformas Agrarias. El comercio exterior y el problema de los productos de base. La alianza para el progreso y cooperaci&#xF3;n internacional &#xBF;Adonde va la Am&#xE9;rica Latina?...</subfield>
  </datafield>
  <datafield tag="650" ind1=" " ind2=" ">
    <subfield code="a">Desarrollo econ&#xF3;mico -  Am&#xE9;rica Latina</subfield>
    <subfield code="9">4198</subfield>
  </datafield>
  <datafield tag="650" ind1=" " ind2=" ">
    <subfield code="a">Conferencias</subfield>
    <subfield code="9">376</subfield>
  </datafield>
  <datafield tag="650" ind1=" " ind2=" ">
    <subfield code="a">Ensayos</subfield>
    <subfield code="9">375</subfield>
  </datafield>
  <datafield tag="650" ind1=" " ind2=" ">
    <subfield code="a">Desarrollo social - Am&#xE9;rica Latina</subfield>
    <subfield code="9">4199</subfield>
  </datafield>
  <datafield tag="650" ind1=" " ind2=" ">
    <subfield code="a">Siglo XX</subfield>
    <subfield code="9">8</subfield>
  </datafield>
  <datafield tag="942" ind1=" " ind2=" ">
    <subfield code="2">ddc</subfield>
    <subfield code="c">LIBROS</subfield>
  </datafield>
  <datafield tag="945" ind1=" " ind2=" ">
    <subfield code="a">lccs</subfield>
    <subfield code="d">2019-02-26</subfield>
  </datafield>
  <datafield tag="952" ind1=" " ind2=" ">
    <subfield code="0">0</subfield>
    <subfield code="2">ddc</subfield>
    <subfield code="4">0</subfield>
    <subfield code="7">0</subfield>
    <subfield code="a">SH</subfield>
    <subfield code="b">SH</subfield>
    <subfield code="c">CART</subfield>
    <subfield code="d">2019-02-26</subfield>
    <subfield code="g">15.00</subfield>
    <subfield code="o">338.98 /  C35</subfield>
    <subfield code="p">SH0000001112</subfield>
    <subfield code="r">2019-02-26</subfield>
    <subfield code="y">LIBROS</subfield>
  </datafield>
</record>
